Introduction to health science technology (Record no. 6590)

MARC details
000 -LEADER
fixed length control field 00734nam a22002057a 4500
003 - CONTROL NUMBER IDENTIFIER
control field OSt
005 - DATE AND TIME OF LATEST TRANSACTION
control field 20251129095144.0
008 - FIXED-LENGTH DATA ELEMENTS--GENERAL INFORMATION
fixed length control field 251129b |||||||| |||| 00| 0 eng d
020 ## - INTERNATIONAL STANDARD BOOK NUMBER
International Standard Book Number 981-254-914-5
040 ## - CATALOGING SOURCE
Original cataloging agency DWC-Main lib
Transcribing agency OC
082 ## - DEWEY DECIMAL CLASSIFICATION NUMBER
Classification number Circ. 610.69 S592i 2005
100 ## - MAIN ENTRY--PERSONAL NAME
Personal name Simmers, L.
245 ## - TITLE STATEMENT
Title Introduction to health science technology
Statement of responsibility, etc. Simmers, Luoise
260 ## - PUBLICATION, DISTRIBUTION, ETC.
Place of publication, distribution, etc. Australia :
Name of publisher, distributor, etc. Thomson Delmar Learning,
Date of publication, distribution, etc. c2005
300 ## - PHYSICAL DESCRIPTION
Extent xii, 612 pages :
Other physical details illustration ;
Dimensions 24 cm.
504 ## - BIBLIOGRAPHY, ETC. NOTE
Bibliography, etc. note Includes bibliographical references and index
650 ## - SUBJECT ADDED ENTRY--TOPICAL TERM
Source of heading or term medical education
650 ## - SUBJECT ADDED ENTRY--TOPICAL TERM
Source of heading or term Medical personnel - Vocational guidance
942 ## - ADDED ENTRY ELEMENTS (KOHA)
Source of classification or shelving scheme Dewey Decimal Classification
Koha item type Book Circulation
Classification part Circ. 610.69 S592i 2005
Call number prefix Circ.
Suppress in OPAC No
952 ## - LOCATION AND ITEM INFORMATION (KOHA)
--
952 ## - LOCATION AND ITEM INFORMATION (KOHA)
--
952 ## - LOCATION AND ITEM INFORMATION (KOHA)
--
952 ## - LOCATION AND ITEM INFORMATION (KOHA)
--
952 ## - LOCATION AND ITEM INFORMATION (KOHA)
--
Holdings
Withdrawn status Lost status Source of classification or shelving scheme Damaged status Not for loan Home library Current library Shelving location Date acquired Source of acquisition Total Checkouts Full call number Barcode Date last seen Copy number Price effective from Koha item type Uniform Resource Identifier
    Dewey Decimal Classification     HM & Nursing Library HM & Nursing Library Circulation 09/01/2005 School Fund   Circ. 610.69 S592i 2005 HMN42343 11/29/2025 c5 11/29/2025 BK-CIRC
    Dewey Decimal Classification     HM & Nursing Library HM & Nursing Library Circulation 09/01/2005 School Fund   Circ. 610.69 S592i 2005 HMN42342 11/29/2025 c4 11/29/2025 BK-CIRC
    Dewey Decimal Classification     HM & Nursing Library HM & Nursing Library Circulation 09/01/2005 School Fund   Circ. 610.69 S592i 2005 HMN42341 11/29/2025 c3 11/29/2025 BK-CIRC
    Dewey Decimal Classification     HM & Nursing Library HM & Nursing Library Circulation 09/01/2005 School Fund   Circ. 610.69 S592i 2005 HMN42340 11/29/2025 c2 11/29/2025 BK-CIRC
    Dewey Decimal Classification     HM & Nursing Library HM & Nursing Library Circulation 09/01/2005 School Fund   Circ. 610.69 S592i 2005 HMN42339 11/29/2025 c1 11/29/2025 BK-CIRC